000 00260nam a22001097a 4500
082 _a332.10942INS
245 _aTHE INSTITUTE OF BANKER
260 _aLONDON
_bLOMBARD STREET
_c1968
300 _a78P
_b20CM
650 _aTHE FUTURE OF BRITISH BANKING
942 _cBK
999 _c14957
_d14957